| 000 | 00976cam a2200301 a 4500 | ||
|---|---|---|---|
| 001 | j 68001846 | ||
| 003 | DLC | ||
| 005 | 20260227111522.0 | ||
| 008 | 041206s1964 ja 001 0 jpn | ||
| 010 | _aj 68001846 | ||
| 035 | _a(CStRLIN)DCLP04-B21164 | ||
| 040 |
_aDLC-R _cDLC-R _dDLC-R _dDLC |
||
| 041 | 1 |
_ajpn _hchi |
|
| 050 | 0 | 0 |
_aPL2464 _b.R73 |
| 066 | _c$1 | ||
| 130 | 0 |
_6880-01 _aYi jing. _lJapanese & Chinese. |
|
| 245 | 1 | 0 |
_6880-02 _aEkikyō / _cSuzuki Yoshijirō cho. |
| 260 |
_6880-03 _aTōkyō : _bMeitoku Shuppansha, _cShōwa 39 [1964] |
||
| 300 |
_a250 p. ; _c18 cm. |
||
| 490 | 0 |
_6880-04 _aMeitoku zensho |
|
| 500 | _aIncludes index. | ||
| 700 | 1 |
_6880-05 _aSuzuki, Yoshijirō, _d1901- |
|
| 880 | 0 |
_6130-01/$1 _a易経. _lJapanese & Chinese. |
|
| 880 | 1 | 0 |
_6245-02/$1 _a易経 / _c鈴木由次郎著. |
| 880 |
_6260-03/$1 _a東京 : _b明徳出版社, _c昭和 39 [1964] |
||
| 880 | 0 |
_6490-04/$1 _a明徳全書 |
|
| 880 | 1 |
_6700-05/$1 _a鈴木由次郎, _d1901- |
|
| 999 |
_c35200 _d35200 |
||